Toulouse FC Squad 2022-2023 - Statistics

General Stats
  • This quiz has been taken 40 times
  • The average score is 20 of 30
Answer Stats
# Position Nation Player % Correct
14 DF Cape Verde Logan Costa
89%
30 GK France Maxime Dupé
89%
15 DF Chile Gabriel Suazo
86%
8 MF Netherlands Branco van den Boomen
82%
28 MF Algeria Farès Chaïbi
82%
2 DF Denmark Rasmus Nicolaisen
82%
17 MF Netherlands Stijn Spierings
82%
3 DF Denmark Mikkel Desler
79%
6 FW Morocco Zakaria Aboukhlal
79%
21 FW Brazil Rafael Ratão
75%
7 FW Japan Ado Onaiwu
71%
16 GK Norway Kjetil Haug
71%
4 DF France Anthony Rouault
68%
10 MF Belgium Brecht Dejaegere
68%
5 MF Australia Denis Genreau
68%
23 DF Mali Moussa Diarra
68%
9 FW England Rhys Healey
68%
27 FW Netherlands Thijs Dallinga
68%
13 MF Switzerland Vincent Sierro
68%
- Coach France Philippe Montanier
64%
11 FW Morocco Yanis Begraoui
61%
26 DF Norway Warren Kamanzi
57%
20 FW Jamaica Junior Flemmings
50%
18 DF Sweden Oliver Zandén
50%
29 FW Bosnia and Herzegovina Saïd Hamulić
50%
1 GK France Thomas Himeur
46%
31 DF Cameroon Kévin Keben
43%
12 DF Guinea Issiaga Sylla
39%
24 MF Greece Theocharis Tsingaras
39%
19 FW Serbia Veljko Birmančević
39%
No matching quizzes found
Score Distribution
Percent of People with Each Score
Percentile by Number Answered
Your Score History
You have not taken this quiz